=LDR 00000nam 2200000 4500 =001 INLIS000000000028776 =005 20130612131046 =008 ***********************************ind** =035 ##$$0010-061300000028776 =041 ##$$a ind =082 ##$$a 519.2 =090 ##$$a 519.2, HAR b =100 ##$$a Haryatmi, Sri =245 ##$$a Buku materi pokok pengantar teori probabilitas, Sri Haryatmi =260 ##$$a Universitas Terbuka $b Jakarta =300 ##$$a 5 jil., 30 cm =650 ##$$a Matematika =650 ##$$a Probabilitas =850 ##$$a NBPNMAT